Sanat "Vaiettu rakkaus" - Suvi Teräsniska - Statistics

Yleistilastot
  • Tätä visaa on pelattu 24 kertaa
  • Keskiarvotulos 87 / 130
Vastaustilastot
Vastaus % Oikein
ei
100%
jos
100%
josta
100%
on
100%
rakkaus
100%
saa
100%
Tää
100%
taa
100%
tää
100%
vaiettu
100%
puhua
92%
ääneen
85%
kirjoittaa
85%
voi
85%
ja
77%
kai
77%
onnellisuus
77%
tarinan
77%
vois
77%
kielletty
69%
mitä
69%
se
69%
joka
62%
kaiken
62%
Kun
62%
piilottaa
62%
pitää
62%
sen
62%
sydämeen
62%
tallettaa
62%
täytyy
62%
vaan
62%
en
54%
mitään
54%
aikaan
46%
et
46%
jakaa
46%
joku
46%
Kuinka
46%
kuinka
46%
ole
46%
olemassa
46%
pitkään
46%
rikkoa
46%
salaisuuden
46%
sellaista
46%
toinen
46%
ahdistaa
38%
annettiin
38%
enää
38%
hyvä
38%
jäljellä
38%
kukaan
38%
mielestä
38%
ollutkaan
38%
omasta
38%
oo
38%
periksi
38%
rakastaa
38%
salattiin
38%
syntiä
38%
tavattiin
38%
tehnyt
38%
tunteet
38%
tunteita
38%
vierellä
38%
aamu
31%
että
31%
jälkeen
31%
järkevä
31%
kaipuu
31%
kaunis
31%
mahdollisuuden
31%
minua
31%
noin
31%
saamme
31%
sarastaa
31%
toisiltamme
31%
toivon
31%
alussa
23%
Ehtoja vastaavia visoja ei löytynyt
Tulosjakauma
Jokaisen tuloksen saaneiden osuus
Persentiili vastausten määrän mukaan
Tuloshistoriasi
Et ole pelannut tätä visaa